000 00402nam a2200121Ia 4500
008 210430s9999 xx 000 0 und d
082 _a297 A2861K
100 _aGhazi Ahmad
_954633
245 _aKufar kay andheron say noor e Islam Tak - (aik nou nuslim ky qabool e islam ki dastaan) /
_cGhazi Ahmad (Sabaq Karishn Lal)
260 _aLahore
_bAl Maktaba tal elmia.
300 _a150
942 _cBK
_2ddc
999 _c565270
_d565270